00811nam a22001935i 450000100060000000300090000600500170001500700030003200800410003510000460007624501210012226001200024330000470036350000570041065000320046771000390049971000550053885200240059348622ES-MaACL20250805063239.0t|950721s1897 po ||||1| por d1 aDelgado, Joaquim Filipe Nery, d1835-190810aFauna silurica de Portugal b: novas observaçôes ácerca de lichas (uralichas) ribeiroi / cpor J.F.N. Delgado. aLisboa : bDirecçâo dos Trabalhos Geologicos de Portugal, c1897 (ftypographia da Academia Real das Sciencias) a34 p., IV h. de lám ; c32 cm ; c32 cm. aEn el interior, port. y texto paralelo en francés. 4aPaleontología-zPortugal.2 aAcademia das Ciências de Lisboa.2 aDirecçâo dos Trabalhos Geologicos de Portugal. aES-MaACLjG-6155(2)